Регионална библиотека "Любен Каравелов" - Русе

Есть только те, кто сражается (Запис номер 470388)

MARC детайли
000 -Лидер
Контролно поле с фиксирана дължина 01268nam a2200301 c 4500
003 - Код на организацията, давaща контролен номер
Контролно поле BLK
005 - Дата и час на последна редакция
Контролно поле 20230315133831.0
008 - Елементи от данни с фиксирана дължина
fixed length control field 180408b bul|||||r ||||||| ||bul||
020 ## - Международен стандартен номер на книга ISBN
Международен стандартен номер на книга ISBN 9795943714299
040 ## - Източник на каталожния запис
Идентификатор на билиотеката - собственик на записа BLK
041 ## - Код за език
Код за езика на текст/звукозапис или на отделно заглавие Руски
Код за езика КДБФ Руски
080 ## - УДК
Текстов определител УДК Мексиканска литература
УДК код - определител по УДК 821.134.2(720)
УДК определител -31
УДК - код + определител 821.134.2(720)-31
100 1# - Редна дума - Автор
Автор Ривера, Луис
Авторска отговорност първи автор
Автор - информация (биография) Алексеев, Кирил Константинович
R(LIN) 294426
139 ## - Редно поле
Редна дума Ривера, Луис
Авторски знак Ри - Р 58
245 10 - Сведения за заглавието
Заглавие Есть только те, кто сражается
Подзаглавни данни Езотерический роман
Редно поле (дума) Луис Ривера
260 ## - Област на издателските данни
Име на издателя, разпространителя и проч. Невский проспект
Година на издаване 2005
Място на издаване, разпространение и проч. Санкт-Петербург
300 ## - Физическа характеристика
Страници 192 с.
Размери/Мащаб 17 см
380 ## - Жанр
Жанр Худож. лит.
852 ## - Местоположение
Фондова буква Заемна - подръчен фонд
Систематично-азбучна сигнатура 821-31/Р 58
856 4# - Електронен адрес и достъп
Електронен формат pdf - файл
856 4# - Електронен адрес и достъп
Електронен формат pdf - файл
999 ## - СИСТЕМНИ КОНТРОЛНИ НОМЕРА
Koha biblionumber 470388
Koha biblioitemnumber 470388
942 ## - АРТИКУЛИ
Вид на библиотечния материал Книги
Скрит в OPAC Не
Периодичен библиозапис Да
Koha issues (borrowed), all copies 1
944 ## - СЪЗДАВАНЕ И РЕДАКЦИЯ на ЗАПИСА
Създаване/Редакция Създаване
Дата на регистрацията/редакция 2022-08-15
Служител, извършил регистрацията/редакцията нр
Наличности
Код за отписване Код за изгубен артикул Източник на класификационната схема Код за повреда Коз за рестрикции Код за отдаване Артикулен № Име на библиотеката - собственик Име на библиотеката, в която се намира в момента Статус (Текущо местоположение) Дата на вписване в системата Местоположение - отдел Цена в лева Систематично азбучна сигнатура Баркод Цена в евро Служебен тип на артикула
  Не е изгубен Universal Decimal Classification Не е повреден без рестрикции заемане за дома 900143 Регионална библиотека "Любен Каравелов" Русе Регионална библиотека "Любен Каравелов" Русе Заемна - подръчен фонд 2022-08-15 Заемна - подръчен фонд 10.00 821-31/Р 58 Л 120000874153 5.11 Книги
Vip Innovations Ltd, Rousse, Bulgaria 2025